[Event "Leiden op-B 12th"]
[Site "Leiden"]
[Date "2018.07.22"]
[Round "9"]
[White "Hilarius, Sander"]
[Black "Both, Gert"]
[Result "1/2-1/2"]
[WhiteElo "1888"]
[BlackElo "1854"]
[PlyCount "56"]
[EventDate "2018.07.13"]
[EventType "swiss"]
[EventRounds "9"]
[EventCountry "NED"]
[SourceTitle "EXT 2019"]
[Source "ChessBase"]
[SourceDate "2018.10.10"]
[SourceVersion "1"]
[SourceVersionDate "2018.10.10"]
[SourceQuality "1"]

1. d4 d5 2. c4 c6 3. Nf3 Nf6 4. Nc3 e6 5. Bg5 Be7 6. e3 Nbd7 7. Qc2 h6 8. Bh4 0-0 9. Rd1 dxc4 10. Bxc4 Nb6 11. Bd3 Nfd5 12. Bxe7 Qxe7 13. a3 Nxc3 14. Qxc3 a5 15. 0-0 Bd7 16. Bb1 Nd5 17. Qd3 g6 18. Ne5 Be8 19. Rc1 Nf6 20. f4 Nd7 21. Rf3 f5 22. Rh3 Kg7 23. Nxd7 Qxd7 24. Ba2 Bf7 25. Qc3 Kh7 26. Qc5 Bg8 27. Qe5 Rfe8 28. Rc3 Qg7 1/2-1/2

[Event "Leiden op-B 12th"]
[Site "Leiden"]
[Date "2018.07.21"]
[Round "8"]
[White "Both, Gert"]
[Black "Arkesteijn, Jaco"]
[Result "1-0"]
[WhiteElo "1854"]
[BlackElo "1589"]
[PlyCount "111"]
[EventDate "2018.07.13"]
[EventType "swiss"]
[EventRounds "9"]
[EventCountry "NED"]
[SourceTitle "EXT 2019"]
[Source "ChessBase"]
[SourceDate "2018.10.10"]
[SourceVersion "1"]
[SourceVersionDate "2018.10.10"]
[SourceQuality "1"]

1. d4 c5 2. d5 e6 3. c4 exd5 4. cxd5 d6 5. Nc3 Na6 6. e4 Nc7 7. Be2 g6 8. Nf3 Bg7 9. 0-0 Ne7 10. Bf4 0-0 11. a4 a6 12. h3 Rb8 13. a5 b5 14. axb6 Rxb6 15. Qc2 f5 16. Bg5 fxe4 17. Qxe4 Rf7 18. Qc2 Bf5 19. Qd2 Qb8 20. Ra2 Rb4 21. Be3 c4 22. Nd4 Bd3 23. Bxd3 cxd3 24. Ne6 Nexd5 25. Nxd5 Nxd5 26. Nxg7 Nxe3 27. Qxe3 Kxg7 28. Qxd3 Rbf4 29. Qxa6 d5 30. Qd3 Qe5 31. b3 g5 32. Re2 Qd4 33. Rd1 Qxd3 34. Rxd3 Rb7 35. Re5 h6 36. Rexd5 Rff7 37. g3 Rfe7 38. Kg2 Rf7 39. R5d4 Rfe7 40. h4 Kg6 41. Kh3 Rf7 42. f3 Rbe7 43. Rd6+ Kg7 44. hxg5 hxg5 45. Kg4 Re5 46. b4 Rff5 47. Rb6 Rf7 48. b5 Rc5 49. Rb8 Re7 50. b6 Rc4+ 51. Kh3 Rb4 52. Rc3 Kf6 53. Rc7 Ke6 54. Rxe7+ Kxe7 55. b7 Kf7 56. Rh8 1-0

[Event "San Sebastian op 34th"]
[Site "San Sebastian"]
[Date "2011.04.22"]
[Round "8"]
[White "Both, Gert"]
[Black "Santos Latasa, Jaime"]
[Result "0-1"]
[WhiteElo "1944"]
[BlackElo "2227"]
[PlyCount "64"]
[EventDate "2011.04.16"]
[EventType "swiss"]
[EventRounds "9"]
[EventCountry "ESP"]
[SourceTitle "CBM 141 Extra"]
[Source "ChessBase"]
[SourceDate "2011.05.03"]
[SourceVersion "1"]
[SourceVersionDate "2011.05.03"]
[SourceQuality "1"]

1. c4 g6 2. Nc3 Bg7 3. g3 c5 4. Bg2 Nc6 5. e3 e5 6. Nge2 Nge7 7. 0-0 0-0 8. d3 d6 9. a3 a5 10. Nb5 Be6 11. Qc2 Rc8 12. Rb1 d5 13. b3 Qd7 14. Re1 f5 15. f4 Rfd8 16. fxe5 dxc4 17. dxc4 Nxe5 18. Nf4 Bf7 19. Bb2 Qd2 20. Qxd2 Rxd2 21. Bc3 Rd7 22. Bxa5 g5 23. Nh3 h6 24. Red1 Nd3 25. Nf2 Nc6 26. Bb6 Nce5 27. Nxd3 Nxd3 28. Na7 Re8 29. Nb5 Rxe3 30. Nc7 Bd4 31. Kf1 Bh5 32. Nd5 Be2+ 0-1

[Event "San Sebastian op 34th"]
[Site "San Sebastian"]
[Date "2011.04.16"]
[Round "1"]
[White "Franco Alonso, Alejandro"]
[Black "Both, Gert"]
[Result "1-0"]
[WhiteElo "2489"]
[BlackElo "1944"]
[PlyCount "81"]
[EventDate "2011.04.16"]
[EventType "swiss"]
[EventRounds "9"]
[EventCountry "ESP"]
[SourceTitle "CBM 141 Extra"]
[Source "ChessBase"]
[SourceDate "2011.05.03"]
[SourceVersion "1"]
[SourceVersionDate "2011.05.03"]
[SourceQuality "1"]

1. Nf3 Nf6 2. c4 c6 3. d4 d5 4. Qc2 e6 5. g3 Be7 6. Bg2 0-0 7. 0-0 Nbd7 8. Nbd2 b6 9. e4 dxe4 10. Nxe4 Bb7 11. Rd1 Qc8 12. Nxf6+ Nxf6 13. c5 Rd8 14. Bd2 Nd7 15. b4 Bf6 16. Bf4 Re8 17. Bd6 e5 18. Bh3 exd4 19. Rac1 Ba6 20. Nxd4 Bxd4 21. Rxd4 Qb7 22. Bg2 Re2 23. Qa4 Rae8 24. h3 b5 25. Qb3 Nf6 26. Bf3 R2e6 27. Kg2 h6 28. Rcd1 Qa8 29. Bf4 Bb7 30. a4 a6 31. Bc1 Qc8 32. Bb2 Qc7 33. h4 Nd5 34. axb5 axb5 35. Rg4 Nf6 36. Qc3 Qe7 37. Rd6 Qf8 38. Rxe6 Rxe6 39. Qxf6 Rxf6 40. Bxf6 g5 41. Rd4 1-0

[Event "Porto Mannu op"]
[Site "Porto Mannu"]
[Date "2008.05.19"]
[Round "3"]
[White "Both, Gert"]
[Black "Spielmann, Alain"]
[Result "0-1"]
[WhiteElo "2015"]
[BlackElo "2308"]
[PlyCount "80"]
[EventDate "2008.05.17"]
[EventType "swiss"]
[EventRounds "9"]
[EventCountry "ITA"]
[SourceTitle "CBM 124 Extra"]
[Source "ChessBase"]
[SourceDate "2008.07.03"]
[SourceVersion "1"]
[SourceVersionDate "2008.07.03"]
[SourceQuality "1"]

1. d4 Nf6 2. c4 g6 3. Nc3 Bg7 4. e4 d6 5. Nf3 0-0 6. h3 Na6 7. Be3 e5 8. Bd3 exd4 9. Nxd4 Nc5 10. 0-0 Re8 11. f3 c6 12. Re1 Nh5 13. Nb3 Be5 14. Bf1 Qh4 15. Ne2 Ne6 16. Qd2 Ng3 17. Bf2 Nxe2+ 18. Rxe2 Qf6 19. Rd1 Nf4 20. Ree1 Be6 21. Nd4 Qg5 22. Kh1 Qf6 23. Nxe6 Nxe6 24. Re2 a5 25. b3 a4 26. Be3 axb3 27. axb3 Ra3 28. Qb4 Rea8 29. Qxb7 Nf4 30. Rf2 Qh4 31. Qd7 Ra1 32. Rfd2 Ne6 33. Qxc6 Qg3 34. Bg1 R8a2 35. Qd5 Nf4 36. Rxa2 Rxa2 37. Bh2 Qxh2+ 38. Kxh2 Nxd5+ 39. Kh1 Ne3 40. Rc1 Bd4 0-1